| 000 | 00465nam a2200193Ia 4500 | ||
|---|---|---|---|
| 008 | 170918s9999 xx 000 0 und d | ||
| 020 | _a9780545630887 | ||
| 050 | _bM135ju 2012 | ||
| 100 | _aMcDonald, Megan | ||
| 245 | _aJudy moody and the bad luck charm / | ||
| 245 | _cby Megan McDonald. | ||
| 260 | _aNew York : | ||
| 260 | _bScholastic, | ||
| 260 | _c2012 | ||
| 300 | _a156 pages : | ||
| 300 | _billustrations ; | ||
| 300 | _c19cm. | ||
| 500 | _a470 | ||
| 999 |
_c343951 _d343951 |
||